| 000 | 00878nam a2200229Ii 4500 | ||
|---|---|---|---|
| 003 | JO-AjNU | ||
| 005 | 20250714091516.0 | ||
| 008 | 230605s9999||||xx |||||||||||||| ||und|| | ||
| 040 |
_aJO-AjNU _bara _erda _cJO-AjNU |
||
| 041 | _aara | ||
| 050 | 1 | 4 |
_aPJ6001 _b.M39 1985 |
| 100 | 3 |
_aتاليف منشورات مجمع اللغة العربية الاردني, _eauthor _913932 |
|
| 245 | 0 | 0 | _aالموسم الثقافي الثاني لمجمع اللغة العربية الاردني |
| 250 | _aط1 | ||
| 264 | 3 | 1 | _aعمان: مجمع اللغة العربية الاردني، 1985 |
| 300 | _a171ص | ||
| 336 |
_atext _btxt _2rdacontent |
||
| 337 |
_aunmediated _bn _2rdamedia |
||
| 338 |
_avolume _bnc _2rdacarrier |
||
| 650 | 4 |
_aاللغة العربية-الموسم الثقافي الثاني لمجمع اللغة العربية الاردني _913933 |
|
| 942 |
_2lcc _cBK |
||
| 999 |
_c7163 _d7163 |
||